|
|
|
|
| LEADER |
00000nam a22000007a 4500 |
| 005 |
2019111807297.0 |
| 007 |
cr|||| |||| |
| 008 |
191118s2019 co |||||s|||| 00||0 spa d |
| 020 |
|
|
|a 978-958-792-021-5
|
| 035 |
|
|
|a 30678
|
| 040 |
|
|
|a vLex
|
| 090 |
|
|
|c 10039
|d 10039
|
| 100 |
1 |
|
|a Shum Xie, Yi Min
|
| 245 |
1 |
0 |
|a Marketing digital
|h [Recurso electrn̤ico] /
|c Yi Min Shum Xie
|
| 256 |
|
|
|a Servicio en ln̕ea
|
| 260 |
|
|
|a Bogot:̀
|b Ediciones de la U,
|c 2019
|
| 300 |
|
|
|a 1 recurso electrn̤ico
|
| 506 |
1 |
|
|a Disponible solo en los productos indicados
|d vLex Global
|d vLex Global (Academic Edition, excluding Law Schools)
|d vLex Global (U.S. Academic Edition, Law Schools)
|d vLex Global (U.S. Academic Edition, excluding Law Schools)
|d vLex Global (Academic Edition, Law Schools)
|
| 650 |
0 |
4 |
|a Marketing
|z Colombia
|
| 740 |
0 |
|
|a vLex Libros (Servicio en ln̕ea)
|
| 856 |
4 |
0 |
|u http://vlex.com/source/marketing-digital-30678
|z Acceso restringido
|
| 942 |
|
|
|c BOOK
|
| 999 |
0 |
|
|a Marketing
|